000 00334 a2200109 4500
001 ART_10435
005 20260410161848.0
008 260409a
245 1 0 _aGradualismo, ineficacia e inestabilidad cíclica
100 1 _aOlivera, Julio H.G.
773 0 _tEconómica
_g- Año XVIII, Nº 1 (ene./abr. 1972)
_wREV7541
999 _c24747
_d24747